Economics of fisheries : (Record no. 329386)

000 -LEADER
fixed length control field 01064cam a2200325 i 4500
001 - CONTROL NUMBER
control field 2692655
003 - CONTROL NUMBER IDENTIFIER
control field ASAB
005 - DATE AND TIME OF LATEST TRANSACTION
control field 20170504113255.0
008 - FIXED-LENGTH DATA ELEMENTS--GENERAL INFORMATION
fixed length control field 760609s1974 ii b 000 0 eng
010 ## - LIBRARY OF CONGRESS CONTROL NUMBER
LC control number 75301567
015 ## - NATIONAL BIBLIOGRAPHY NUMBER
National bibliography number S74-43
020 ## - INTERNATIONAL STANDARD BOOK NUMBER
International Standard Book Number 81-7648-858-5
040 ## - CATALOGING SOURCE
Transcribing agency ASAB
043 ## - GEOGRAPHIC AREA CODE
Geographic area code ln-----
050 00 - LIBRARY OF CONGRESS CALL NUMBER
Classification number SH328
Item number .H36
082 00 - DEWEY DECIMAL CLASSIFICATION NUMBER
Classification number 338.3
245 10 - TITLE STATEMENT
Title Economics of fisheries :
Statement of responsibility, etc. P.N. Panday, B.C. Jha, B.K. Gorai.
260 ## - PUBLICATION, DISTRIBUTION, ETC.
Place of publication, distribution, etc. New Delhi.
Name of publisher, distributor, etc. A.P.H. Publishing Corporation.
Date of publication, distribution, etc. 2005.
300 ## - PHYSICAL DESCRIPTION
Extent 191 p. :
Other physical details 22 cm.
906 ## - LOCAL DATA ELEMENT F, LDF (RLIN)
a 7
b cbc
c orignew
d u
e ncip
f 19
g y-gencatlg
942 ## - ADDED ENTRY ELEMENTS (KOHA)
Source of classification or shelving scheme
Koha item type Book
Holdings
Withdrawn status Lost status Source of classification or shelving scheme Damaged status Not for loan Collection code Permanent Location Current Location Date acquired Total Checkouts Full call number Barcode Date last seen Price effective from Koha item type
            Atta-ur-Rahman School of Applied Biosciences (ASAB) Atta-ur-Rahman School of Applied Biosciences (ASAB) 05/04/2017   338.3 PAN ASAB2268 05/04/2017 05/04/2017 Book
© 2023 Central Library, National University of Sciences and Technology. All Rights Reserved.